| 000 -LEADER |
| fixed length control field |
01324pab a2200181 454500 |
| 008 - FIXED-LENGTH DATA ELEMENTS--GENERAL INFORMATION |
| fixed length control field |
180718b2002 xxu||||| |||| 00| 0 eng d |
| 100 ## - MAIN ENTRY--PERSONAL NAME |
| Personal name |
Karnik, Ajit |
| 245 ## - TITLE STATEMENT |
| Title |
Fiscal responsibility and Budget Management Bill: offering credible commitments |
| 260 ## - PUBLICATION, DISTRIBUTION, ETC. |
| Date of publication, distribution, etc. |
2002 |
| 300 ## - PHYSICAL DESCRIPTION |
| Extent |
p.251-56 |
| 362 ## - DATES OF PUBLICATION AND/OR SEQUENTIAL DESIGNATION |
| Dates of publication and/or sequential designation |
19 Jan |
| 520 ## - SUMMARY, ETC. |
| Summary, etc. |
India's fiscal scenario at the moment is about as bad as it was in 1991-92, the beginning of the economic reforms process. For a variety of reasons, many of them in the realm of political economy, the government has been unable to reduce its expenditures and increase revenues. A fiscal responsibility bill, of the kind being discussed currently, is meant to offer a credible commitment that the government is serious about fiscal consolidation. By trying its own hands the government signals that it is serious about reducing deficits. While one may disagree with the details of the bill, the broad overall thrust and the philosophy underlying it deserve to be welcomed. Unfortunately, as this note is being written, the government is seen to be completely diluting the provisions of the bil so as to render it completely ineffective. - Reproduced. |
| 650 ## - SUBJECT ADDED ENTRY--TOPICAL TERM |
| Topical term or geographic name entry element |
Budget |
| 650 ## - SUBJECT ADDED ENTRY--TOPICAL TERM |
| Topical term or geographic name entry element |
Public finance |
| 650 ## - SUBJECT ADDED ENTRY--TOPICAL TERM |
| Topical term or geographic name entry element |
Fiscal policy |
| 773 ## - HOST ITEM ENTRY |
| Main entry heading |
Economic and Political Weekly |
| 909 ## - |
| -- |
51107 |